000 01161nam a2200337 i 4500
003 EG-GICUC
005 20260421111731.0
008 260421s1981 ke ||||fr|||| 00| 0 eng d
020 _a9280710280
040 _aEG-GiCUC
_beng
_cEG-GiCUC
_dEG-GiCUC
_eRda
082 0 4 _221
_a341.762
_bUN . E
092 0 4 _221
099 _aLaw1 11 341.762 UN . E 1981
110 _aUnited Nations Environment Programme
_eAuthor.
245 _aThe Ecology And Utilization Of African Inland Waters /
_cUnited Nations Environment Programme.
250 _aFirst Edition
264 1 _aNairobi :
_bUnited Nations Environment Programme,
_c1981 .
300 _a191 Pages ;
_c24 cm.
336 _2rda contenu
_a texte
337 _2rda medias
_aOrdinateur
338 _2 transporteur rda
_a Ressource en ligne
546 _aText in English
650 _aPublic International Law
650 _aNatural Rresources -- Protection -- International Law
700 1 _aSymoens,J.J.
_eeditor.
700 1 _aBurgis,Mary
_eeditor.
700 1 _aGaudet,John J.
_eeditor.
856 4 0 _uhttps://fll.law.cu.edu.eg/fulltext/bks/B11-09665.pdf
905 _a59
942 _2ddc
_n0
_cBK
_e21
999 _c72531
_d72531